|
|
|
|
| LEADER |
01150nam a2200301 a 4500 |
| 001 |
000428704 |
| 003 |
CZ BrMZK |
| 005 |
20111010145257.0 |
| 007 |
ta |
| 008 |
990307s1979 xr f cze d |
| 015 |
|
|
|a cnb000419189
|
| 035 |
|
|
|a (OCoLC)42162747
|
| 040 |
|
|
|a BOA001
|b cze
|
| 041 |
1 |
|
|a cze
|h slo
|
| 100 |
1 |
|
|a Labuda, Milan,
|d 1945-2007
|7 xx0047497
|4 aut
|
| 245 |
1 |
0 |
|a Živí proti živým :
|b pro čtenáře od 12 let /
|c Milan Labuda ; ze slov. orig. přel. Helena Urbanová
|
| 250 |
|
|
|a 1. vyd.
|
| 260 |
|
|
|a Praha :
|b Albatros,
|c 1979
|
| 300 |
|
|
|a 153 s.
|
| 500 |
|
|
|a Přeloženo ze slovenštiny
|
| 504 |
|
|
|a Bibliografie na s. 152-153
|
| 856 |
4 |
1 |
|u http://www.digitalniknihovna.cz/mzk/uuid/uuid:e463d070-e79b-11e2-9923-005056827e52
|y Digitalizovaný dokument
|x NDK
|
| 910 |
|
|
|a BOA001
|b PK-0084.808
|b 2-0800.636
|
| 920 |
|
|
|a 000132115
|
| 964 |
|
|
|a Cizopasníci - ochrana - výklady populární pro mládež
|
| 990 |
|
|
|a BK
|
| 996 |
6 |
|
|b 2619957488
|c 2-0800.636
|l MZK
|r Sklad / do 1 hodiny
|n 2
|w 000428704
|u 000020
|a 1
|e BOA001
|j MZK50
|s P
|
| 996 |
7 |
|
|b 3119826350
|c PK-0084.808
|l MZK
|r Sklad / do 1 hodiny
|n 1
|w 000428704
|u 000010
|a 1
|e BOA001
|j MZK50
|s A
|